| 000 | 00627nam a2200205Ia 4500 | ||
|---|---|---|---|
| 005 | 20221103114714.0 | ||
| 008 | 131103s9999 xx 000 0 und d | ||
| 040 | _aLoreto College | ||
| 041 | _aEnglish | ||
| 082 |
_a131.3462 _bLEE |
||
| 245 |
_aFreud and psychology _b selected readings _cedited by S. G. M. Lee and Martin Herbert |
||
| 260 |
_aHarmondsworth _bPenguin _c1970 |
||
| 300 | _a398p | ||
| 504 | _aIncludes bibliographical references and index | ||
| 650 | _aSegmund, Freud,1956-1939 - Criticism and Interpretation | ||
| 651 | _aPsychology | ||
| 700 | _aLee, S. G. M., ed. | ||
| 850 | _aLCLIB | ||
| 942 | _cBK | ||
| 999 |
_c18440 _d68919 |
||